| 000 | 01057cam a2200265Ma 4500 | ||
|---|---|---|---|
| 005 | 20140903175048.0 | ||
| 008 | 140521s2012 xxu frb 001 0 eng d | ||
| 020 | _a9789004228078 | ||
| 040 |
_aCO-BoUCM _bspa _cJose A. Gerena _dJose A. Gerena |
||
| 041 | _aeng | ||
| 100 | 1 |
_aFinnin, Sarah _961428 |
|
| 245 | 1 | 0 |
_aElements of accessorial modes of liability _bArticle 25 (3)(b) and (c) of the Rome Statute of the International Criminal Court _cSarah Finnin |
| 260 |
_aLeiden (Boston, Massachusetts) _bMartinus Nijhoff publishers _c2012 |
||
| 300 | _axxxiv, 234 páginas | ||
| 490 | 0 |
_aInternational humanitarian law series _v38 |
|
| 504 | _aIncluye referencias bibliográficas e índices | ||
| 610 | 2 |
_aCorte Penal Internacional _94164 |
|
| 630 | 4 |
_aEstatuto de Roma _95018 |
|
| 650 | 7 |
_aCorte Penal Internacional _94164 |
|
| 650 | 7 |
_aResponsabilidad penal _923684 |
|
| 650 | 7 |
_aTribunales penales internacionales _925884 |
|
| 690 |
_942778 _aDerecho penal |
||
| 942 |
_a8 _cLIBRO _e1 _mF514e _2DEWEY _h345.01 |
||
| 999 |
_c240319 _d240319 |
||